书目信息 |
| 题名: |
玻璃表面装饰
|
|
| 作者: | 王承遇 , 陶瑛 编著 | |
| 分册: | ||
| 出版信息: | 北京 新时代出版社 1998.08 |
|
| 页数: | 379页 | |
| 开本: | 32开 | |
| 丛书名: | ||
| 单 册: | ||
| 中图分类: | TQ171.6 | |
| 科图分类: | ||
| 主题词: | 玻璃--化学工业 | |
| 电子资源: | ||
| ISBN: | 7-5042-0376-9 | |
| 000 | 00598nam0 2200205 45 | |
| 001 | 0104111076 | |
| 005 | 20010411104431.1 | |
| 010 | @a7-5042-0376-9@d18.00元 | |
| 100 | @a20010411d1998 km y0chiy0120 ea | |
| 101 | 0 | @achi |
| 105 | @a z 000yy | |
| 200 | 1 | @a玻璃表面装饰@ABo Li Biao Mian Zhuang Shi@f王承遇,陶瑛编著@FWang Cheng Yu,Tao Ying Bian Zhu |
| 210 | @a北京@c新时代出版社@d1998.08 | |
| 215 | @a379页@d32开 | |
| 606 | 0 | @a玻璃@x化学工业 |
| 690 | @aTQ171.6@v3 | |
| 701 | 0 | @a王承遇@4编著 |
| 701 | 0 | @a陶瑛@4编著 |
| 801 | @aCN@bPftUser@c20010411 | |
| 905 | @b337410-411@dTQ171.6@eW909/1@f2 | |
| 玻璃表面装饰/王承遇,陶瑛编著.-北京:新时代出版社,1998.08 |
| 379页;32开 |
| ISBN 7-5042-0376-9:18.00元 |
| ● |
| 相关链接 |
|
|
|
正题名:玻璃表面装饰
索取号:TQ171.6/W909/1
 
预约/预借
| 序号 | 登录号 | 条形码 | 馆藏地/架位号 | 状态 | 备注 |
| 1 | 337410 | 203374106 | 材料与化工学院资料室/ [索取号:TQ171.6/W909/1] | 在馆 | |
| 2 | 337411 | 203374115 | 自科库501/501自科库 139排7列3层/ [索取号:TQ171.6/W909/1] | 在馆 |